| 000 | 00573cam a22002291 4500 | ||
|---|---|---|---|
| 001 | 7027179 | ||
| 005 | 20180224072031.0 | ||
| 008 | 720127s1961 mnua b 000 0 eng | ||
| 010 | _a 61009214 | ||
| 035 | _a(OCoLC)229068 | ||
| 040 |
_aDLC _cOBlC _dOCoLC _dWY@ _dDLC |
||
| 041 | _aeng | ||
| 042 | _apremarc | ||
| 080 | _a591 | ||
| 082 | _2591 LEV | ||
| 100 | 1 | _a7 | |
| 101 | _aZOO | ||
| 245 | 1 | 0 | _aProtozoan parasites of domestic animals and of man. |
| 504 | _aIncludes bibliography. | ||
| 906 |
_a7 _bcbc _coclcrpl _du _encip _f19 _gy-gencatlg |
||
| 942 |
_2ddc _cBK |
||
| 999 |
_c43373 _d43373 |
||